Quiz One Piece difficulté expert sur la saga East Blue - Statistiques

Statistiques générales
  • Ce quiz a été pris 927 fois
  • Le résultat moyen est 7 sur 20
Statistiques - réponses
Question Réponse % Correct
De quel côté se situe la cicatrice de Luffy ? Son son oeil gauche
86%
Comment s'apelle le maître de Zoro ? Koshiro
67%
Quelle était le tarif enfant par mois pour vivre sur Cocoyashi et Gosa sous le règne d'Arlong ? 50.000 berrys
58%
Comment s'apelle le sabre de Mihawk ? Kokuto Yoru
55%
Depuis combien de temps est coincé Gaimon dans son coffre lors de sa rencontre avec Luffy ? 20 ans
54%
À quelle date est né Luffy ? 5 Mai
42%
Quel est le statut de Higuma ? Décédé
41%
Pourquoi les boulettes de riz que la jeune Rika a apporté à Zoro sont décrites comme immangeable par Hermep ? Elles sont sucrés
40%
Quel est le grade de Fullbody la poigne d'acier au sein de la marine lors de sa première apparition au Baratie ? Lieutenant
38%
Quel est la prime du capitaine Kuro ? 16 millions de berrys
36%
Combien de temps sépare l'exécution de Gol D Roger et le départ de Luffy de l'île de Fuschia ? 22
35%
Quelle est la prime de Octo ? 8.000.000 de berrys
35%
Le premier musicien du manga est apparu dans l'arc Arlong Park. Vrai
29%
À combien de boules la petite fille de loguetown pourra acheter une glace avec l'argent que lui a donné Smoker après que celle ci l'ai écrasé sur son pantalon ? 5 boules
27%
Quelle affirmation sur Baggy est fausse ? Il a raison durant sa dispute avec Shanks sur la zone la plus froide entre le pôle nord et le pôle sud
26%
Combien de jour Sanji et Zeff ont il survécu sur ce rocher après leurs naufrages ? 85
14%
Comment s'apelle le restaurant du village de Sirop ? Meshi
14%
Quel aliment Usopp achete t il au supermarché de Loguetown ? Des oeufs frais
11%
Quel est le matériau utilisé pour fabriqué le plastron de Don Krieg ? Le Wootz
10%
Quel est le nom du navire restaurant dans lequel a travaillé sanji avant de construire le Baratie avec Zeff ? Le Hobbit
8%
Aucun quiz correspondant
Distribution des résultats
% des personnes avec chaque résultat
Percentile par nombre de réponses
Votre historique - résultats
Vous n’avez pas pris ce quiz